Estabilidad y derecho comparado (Registro nro. 19320)

Detalles MARC
000 -LEADER
fixed length control field 00302 a2200109 4500
001 - CONTROL NUMBER
control field ART_56449
005 - DATE AND TIME OF LATEST TRANSACTION
control field 20260410161747.0
008 - FIXED-LENGTH DATA ELEMENTS--GENERAL INFORMATION
fixed length control field 260409a
100 1# - MAIN ENTRY--PERSONAL NAME
Personal name Duarte, David
245 10 - TITLE STATEMENT
Title Estabilidad y derecho comparado
773 0# - HOST ITEM ENTRY
Title Doctrina laboral
Related parts - N° 442 (jun. 2022)
Record control number REV4049

No hay ítems disponibles.